Countries Whose Capitals Aren’t Their Most Populous City - Statistics

General Stats
  • This quiz has been taken 34 times
  • The average score is 24 of 36
Answer Stats
Answer % Correct
South Africa
100%
Australia
97%
Brazil
97%
Canada
97%
China
91%
United States
91%
Morocco
88%
New Zealand
88%
India
84%
Nigeria
81%
Switzerland
81%
Turkey
81%
Vietnam
81%
Kazakhstan
78%
Pakistan
78%
Sri Lanka
75%
Bolivia
66%
Myanmar
66%
Ecuador
63%
Israel
63%
Ivory Coast
63%
San Marino
63%
United Arab Emirates
63%
Tanzania
59%
Benin
53%
Cameroon
53%
Belgium
50%
Belize
47%
Federated States of Micronesia
47%
Malta
47%
Burundi
41%
Gambia
34%
Trinidad and Tobago
34%
Equatorial Guinea
31%
Taiwan
28%
Lichtenstein
9%
No matching quizzes found
Score Distribution
Percent of People with Each Score
Percentile by Number Answered
Your Score History
You have not taken this quiz